00854nam a2200193 a 450000100100000000500170001000800410002704000250006808200220009310000350011524501500015025000110030026000360031130000210034750400730036804900090044195201930045099900170064300003543020200930074333.0111031s1962 ag 000 0 spa d aDO-SdBNPbspacBNPHU axxxxbS211e, 19621 aSánchez, Luis Alberto92335710aExamen espectral de América Latina :bcivilización y cultura esencia de la radición ataque y defensa del mestizo /cLuis Alberto Sánchez. a2a ed. aBuenos Aires, :bLosada,c1962. a240 p. ;c21 cm. aIncluye referencias bibliográficas y notas al pie de las páginas aBNGR 001050718RVaGRbGRcHDd2011-10-31iLF1l0oxxxx S211e, 1962p35430-10r2020-06-25w2020-06-25y1zPerteneció a la biblioteca personal de Juan Isidro Jimenes Grullón.ZNo se presta c34921d34921